| 000 | 01960cam a22004574i 4500 | ||
|---|---|---|---|
| 003 | PE-LiUPU | ||
| 005 | 20250731173129.0 | ||
| 008 | 150623s r 000 0 d | ||
| 020 | _a0801056667 | ||
| 035 | _a(Sirsi) i9780801056666 | ||
| 040 |
_aPE-LiUPU _bspa _cPE-LiUPU _erda |
||
| 049 | _aPRUA | ||
| 082 | 0 | 4 |
_a220.52 _bL54 _221 |
| 100 | 1 |
_aJack Pearl, _d1919-, _eautor. |
|
| 245 | 1 | 4 |
_aThe english Bible from KJV to NIV : _ba history and evaluation / _cJack P. Lewis. |
| 250 | _a2a | ||
| 264 | 1 |
_aGrand Rapids, Michigan : _bBaker Book House, _c1991. |
|
| 300 |
_a512 páginas ; _c23 centímetros |
||
| 336 |
_atext _2rdacontent |
||
| 337 |
_aunmediated _2rdamedia |
||
| 338 |
_avolume _2rdacarrier |
||
| 505 | 0 | _aThe Bible in history. The early english versions. Doctrinal problems in the King James Version. The American Standard Version. The Revised Standar Version after twenty-five years. The New English Bible. The New American Standard Bible. The Jerusalem Bible. The New American Bible. The New world translation of the holy scriptures. The living Bible paraphrased. The good News Bible (Today's English Version). The New International Version. The revised english Bible. The New Revised Standandr Version. | |
| 526 | _aSEG42 | ||
| 526 | _aSEG41 | ||
| 526 | _aSEG40 | ||
| 526 | _aSEG39 | ||
| 526 | _aP94 | ||
| 526 | _aP87 | ||
| 526 | _aP86 | ||
| 526 | _aP85 | ||
| 526 | _aP77 | ||
| 526 | _aP76 | ||
| 526 | _aP35 | ||
| 650 | 0 | 4 |
_aVersiones de la Biblia _xHistoria (KJV-NIV). |
| 942 |
_2ddc _cBOOK |
||
| 949 |
_a220.52 L54 _wDEWEY _c1 _i51540 _lCCODEBUL1 _mBUL _p15.00 _r0 _sY _tBOOK _u2015-6-24 _xTEOLOGIA _PP35 _0COMPRA _o.STAFF. Colección General |
||
| 994 |
_aC0 _bPEPRU |
||
| 596 | _a1 | ||
| 999 |
_a220.52 L54 _wDEWEY _c33265 _i51540 _f2021-11-9 _g5 _lCCODEBUL1 _mBUL _p15.00 _r0 _sY _tBOOK _u2015-6-24 _xTEOLOGIA _PP35 _0COMPRA _o.STAFF. Colección General _d33265 |
||
| 980 |
_81 _gALBERTO SANCHEZ Responsable de Automatización |
||